Loading...
| Literature - British Literature | 0 | 3 | 0 | 1 | 30 | 58 | 77.00 | 0 | 2 |
| Science - Other Science | 0 | 3 | 0 | 2 | 30 | 53 | 91.67 | 0 | 1 |
| Literature - World Literature | 0 | 3 | 0 | 0 | 30 | 24 | 76.00 | 0 | 2 |
| Fine Arts - Classical Music | 0 | 2 | 0 | 0 | 20 | 91 | 91.00 | 0 | 0 |
| Literature - European Literature | 0 | 2 | 0 | 0 | 20 | 106 | 109.00 | 0 | 0 |
| Philosophy | 0 | 1 | 0 | 1 | 10 | 109 | 109.00 | 0 | 0 |
| History - Other History | 0 | 1 | 0 | 0 | 10 | 113 | 113.00 | 0 | 0 |
| Fine Arts - Other Fine Arts | 0 | 1 | 0 | 0 | 10 | 112 | 112.00 | 0 | 0 |
| History - World History | 0 | 1 | 0 | 0 | 10 | 77 | 77.00 | 0 | 0 |
| History - European History | 0 | 0 | 0 | 0 | 0 | 0.00 | 0 | 0 | |
| Science - Physics | 0 | 0 | 0 | 0 | 0 | 0.00 | 0 | 0 | |
| Social Science | 0 | 0 | 1 | 0 | -5 | 0.00 | 0 | 0 |